Fallout Universe Nations - Statistics

General Stats
  • This quiz has been taken 90 times
  • The average score is 6 of 35
Answer Stats
Answer % Correct
NCR
95%
Caesars Legion
76%
Western BoS
76%
Enclave
69%
Eastern BoS
51%
New Vegas
49%
Great Khans
36%
San Francisco
24%
Texas BoS
19%
The Pitt
17%
Nuka-World
15%
Mexica Kingdom
14%
White Legs
14%
Midwestern BoS
12%
Boston Confederation
8%
Cuban Empire
8%
Vipers
8%
Honduran Empire
7%
Anchorage Commenwealth
5%
Rio Grande
5%
Eighties Gang
3%
Georgia Republic
3%
Ghouls
3%
Vault-Viking Chiefdoms
3%
Gulf Commonwealth
2%
Mormons
2%
Quebecois Empire
2%
Ronto Confederation
2%
Trolls
2%
Antogone Chiefdoms
0%
Attis Domain
0%
Cajune Republic
0%
Gente De Sol
0%
Jarldom
0%
Tlaxcala Kingdom
0%
No matching quizzes found
Score Distribution
Percent of People with Each Score
Percentile by Number Answered
Your Score History
You have not taken this quiz